Statistics for Capitals of Countries 197 to 205

Click here to take the quiz!

General Stats

  • This quiz has been taken 605 times
    (396 since last reset)
  • The average score is 5 of 9

Answer Stats

countrycapital% Correct
PalestineJ{erusalem}
or R{amallah}
91%
GreenlandN{uuk}
85%
ArubaO{ranjestad}
61%
CuraçaoW{illemstad}
49%
Faroe IslandsT{órshavn}
47%
Western SaharaE{l-Aaiún} (L{aayoune})
or T{ifariti}
38%
NiueA{lofi}
36%
Cook IslandsA{varua}
32%
Sint MaartenP{hilipsburg}
29%

Score Distribution

Percentile by Number Answered

Percent of People with Each Score

Your Score History

You have not taken this quiz since the last reset